000 00354nam a22001577a 4500
003 OSt
005 20220117113549.0
008 220117b |||||||| |||| 00| 0 eng d
020 _a0340598298
040 _cHU
082 _a620.0042
100 _aHurst Ken
_928206
245 _aEngineering Design Principles
300 _f166
942 _2ddc
_cBOOKS
_n0
999 _c27315
_d27315